Géographie 100 questions progressives - Statistiques

Statistiques générales
  • Ce quiz a été pris 1 667 fois
    1 599 depuis la dernière actualisation
  • Le résultat moyen est 45 sur 100
Statistiques - réponses
% Question Réponse % Correct
1 Comment se nomme la capitale de la Belgique Bruxelles
100%
2 Quelle est le pays le plus peuplé du monde ? Inde
99%
3 De quel pays Kiev est-elle la capitale ? Ukraine
98%
4 Quelle est la capitale de l'Australie ? Canberra
97%
6 Dans quel pays la Loire prend-t-elle sa source ? France
86%
7 Citez un pays dont le nom commence par Z Zambie | Zimbabwe
85%
5 Dans quel pays se trouve l'état de Bahia ? Brésil
81%
33 Dans quel pays se trouve l'Everest ? Népal | Chine
81%
8 Quel état américain doit son nom à un roi de France ? Louisiane
77%
9 Quel pays scandinave a une capitale dont le nom compte 4 lettres ? Norvège
76%
10 Dans quel pays se trouve Tombouctou ? Mali
73%
17 Avec combien de pays la France métropolitaine a-t-elle une frontière terrestre ? (en chiffres) 8
72%
11 Quel est le surnom "géométrique" de la France ? Hexagone
72%
43 Quel est le plus grand pays du monde ? Russie
72%
21 Combien de mers bordent la France métropolitaine ? (au sens strict et en chiffres) 3
71%
41 Combien d'océans traversent l'équateur ? (en chiffres) 3
71%
47 Combien y-a-t-il de fuseaux horaires en Australie ? (en chiffres) 3
71%
22 Citez un océan du monde dont le nom ne commence pas par A Pacifique | Indien
71%
63 Quelle ville a été désignée trois fois pour accueillir les jeux d'été ? Londres | Paris | Los Angeles
70%
13 Quel pays européen est organisé en cantons ? Suisse
70%
34 Comment se nomme le grand parc de New York ? Central Park
69%
29 Dans quel pays peut-on voir les arbres les plus hauts du monde ? Etats-Unis
69%
35 Dans quelle capitale peut-on voir Tower bridge ? Londres
69%
42 Quel océan borde le Chili ? Pacifique
69%
15 Quelle ville est Beijing ? Pékin
69%
49 A quel pays appartiennent les Canaries ? Espagne
68%
14 La quatrième ville de France en nombre d'habitants est Toulouse
68%
16 Combien de régions compte la France ? (en chiffres) 18
67%
23 Comment se nomme la rivière qui traverse la forêt tropicale brésilienne ? Amazone
66%
12 Près de quelle île se trouve le Stromboli ? Sicile
65%
48 Combien y-a-t-il d'états fédérés aux Etats-Unis ? (en chiffres) 50
64%
20 A quel pays appartient la Sardaigne Italie
64%
26 Quelle est la capitale du Canada ? Ottawa
64%
27 Quel est le pays africain le plus peuplé ? Nigeria
62%
25 Quel est le plus petit pays du monde ? Vatican
62%
30 Quelle est, en surface, le plus grand état américain ? Alaska
60%
37 Près de quelle ville se trouve Hollywood ? Los Angeles
60%
28 Quel est le plus long fleuve d'Afrique ? Nil
60%
24 Quelle est la plus grande île du monde ? Groenland
59%
31 Quelle est la plus grande capitale d'Amérique du Nord ? Mexico
59%
36 Sur quel plateau se trouve les célèbres pyramides égyptiennes ? Gizeh
56%
19 Dans quelle nation se trouve Edimbourg ? Ecosse
55%
38 De quel pays Bakou est-elle la capitale ? Azerbaïdjan
54%
18 Le département français le plus éloigné de Paris est le/la/l' Réunion
54%
40 Quelle surface de la terre est recouverte d'eau ? 71 ou 81 % 71
53%
44 Quel est le plus grand désert du monde ? le/l' Antarctique
53%
39 Quel pays a pour capitale Vaduz ? Liechtenstein
53%
50 Quelle est la 2e plus haute montagne du monde ? K2
52%
66 Quel océan borde Oman ? Indien
50%
52 Dans quel pays se situent les lignes de Nazca ? Pérou
49%
32 Comment se nomme le plus vieux parc national du monde ? Yellowstone
48%
46 Dans quel pays se trouve la ville de Dresde ? Allemagne
47%
51 Quel lac porte le nom d'une créature mythique célèbre ? Loch Ness
45%
64 Dans cette ville a été construit le premier gratte-ciel... Chicago
40%
65 Citez une des villes détruites par l'éruption du Vésuve en 79 Pompéi | Herculanum | Stabiae
38%
67 Quel est le plus grand lac d'Amérique du Nord ? Supérieur
38%
93 La province du Limpopo se situe dans quel pays ? Afrique-du-Sud
35%
57 Dans quelle ville est la fontaine de Trévi ? Rome
35%
60 Combien y-a-t-il de pays en Afrique ? (en chiffres) 55
34%
58 Quelle est la ville "trois fois sainte" ? Jérusalem
33%
89 La mer des Sargasses se situe dans l'océan... Atlantique
31%
68 A quoi correspond cette définition : bande de terre étroite entre deux mers qui relie deux terres Isthme
31%
55 Dans quelle ville se trouve la Sagrada Familia ? Barcelone
30%
53 Comment devrait-on appeler la ville de Canterbury en français ? Cantorbéry
30%
56 Dans quel musée se trouve la Joconde ? Louvre
30%
59 Quelle est la capitale du Costa Rica ? San José
30%
90 La baie d'Hudson est située dans l'hémisphère nord ou sud ? nord
29%
45 Quel est le plus long fleuve du Royaume-Uni Severn
29%
69 Quel prénom porte le territoire français en Antarctique ? Adélie
27%
54 Quel est le nom anglais de la Manche ? Channel
27%
94 Naypyidaw est la capitale de/du Myanmar | Birmanie
27%
92 Le volcan Hekla se trouve dans quel pays ? Islande
25%
83 Quel pays porte le nom d'une ligne imaginaire ? Equateur
24%
91 Dans quel pays se trouve l'île de Luçon ? Philippines
24%
70 Sur quel fleuve a été bâti le barrage des Trois Gorges ? Yangzi Jiang | Yang Tsé Kiang | Fleuve bleu
22%
86 De quelle couleur est l'étoile sur le drapeau du Burkina Faso Jaune
20%
82 Quelle est la plus grande ville du Luxembourg ? Luxembourg
20%
62 Quelle ville est sujette à l’acqua alta ? Venise
18%
85 Quel pays est trois fois plus petit que la Corse ? Bahreïn ou Haïti ? Bahreïn
17%
88 Le golfe persique se trouve à l'est ou à l'ouest de l'Arabie saoudite ? est
17%
61 Par quel nom désigne-t-on le chemin vers Saint-Jacques-de-Compostelle ? Camino
16%
81 Quel est le deuxième fleuve d'Europe en longueur ? Danube
16%
84 Dans quelle mer se jette le fleuve Méandre ? Egée
15%
99 Yaren est la capitale de Nauru
13%
96 La capitale du Dakota-du-Sud est Pierre
13%
100 Le dernier état à avoir adhéré à l'ONU est le/la/l' Soudan-du-Sud
13%
80 Quel est le nom actuel de Fort York ? Toronto
13%
95 Comment se nomme une région en Algérie ? Wilaya
13%
71 Quelle région normande porte un nom de poisson ? Perche
11%
74 Quel département, historiquement breton, n'appartient pas à la région Bretagne ? Loire-Atlantique
10%
79 Quelle mer du Proche orient est dépourvue de poissons et d'algues ? La mer... Morte
10%
98 Quelle est la couleur majoritaire du drapeau nigérian ? Vert
10%
73 En quelle année ont été créés les départements français (année) ? 1790
9%
72 Citez une des langues officielles de l'Afghanistan Farsi | Pashtou
9%
87 Le Massif central, le Massif armoricain sont de type... hercynien
8%
75 A quoi correspond cette définition ? Ensemble de villes dont le bâti s’est étendu pour se mêler et former une unité. Conurbation
7%
78 Sur quelle île peut-on se désaltérer à Port Soif ou Grand Havre ? Guernesey
7%
77 Quelle est la plus vieille du monde encore habitée ? Jericho
7%
76 Quel est le plus haut sommet du Massif central ? (3 mots) Puy de Sancy
7%
97 Comment se nomme la région de La Mecque en Arabie ? Le/la Hedjaz
6%
Aucun quiz correspondant
Distribution des résultats
% des personnes avec chaque résultat
Percentile par nombre de réponses
Votre historique - résultats
Vous n’avez pas pris ce quiz depuis la dernière actualisation